2008/09 Manchester United 5-2 Tottenham XI's - Statistics

General Stats
  • This quiz has been taken 6 times
  • The average score is 13 of 22
Answer Stats
Hint Answer % Correct
7 Cristiano Ronaldo
100%
9 Dimitar Berbatov
80%
1 Edwin Van der Sar
80%
15 Nemanja Vidic
80%
3 Patrice Evra
80%
5 Rio Ferdinand
80%
10 Wayne Rooney
80%
7 Aaron Lennon
60%
24 Darren Fletcher
60%
1 Heurelho Gomes
60%
8 Jermaine Jenas
60%
26 Ledley King
60%
17 Luis Nani
60%
14 Luka Modric
60%
16 Michael Carrick
60%
21 Rafael Da Silva
60%
15 Robbie Keane
60%
32 Benoit Assou-Ekotto
40%
10 Darren Bent
40%
39 Jonathan Woodgate
40%
22 Vedran Corluka
20%
12 Wilson Palacios
20%
No matching quizzes found
Score Distribution
Percent of People with Each Score
Percentile by Number Answered
Your Score History
You have not taken this quiz